Semisynthetic guayule latex with reduced allergenicity (Record no. 68598)

MARC details
000 -LEADER
fixed length control field 00635nam a2200241Ia 4500
100 ## - MAIN ENTRY--AUTHOR NAME
Personal name Schloman W W
245 #0 - TITLE STATEMENT
Title Semisynthetic guayule latex with reduced allergenicity
260 ## - PUBLICATION, DISTRIBUTION, ETC. (IMPRINT)
Name of publisher Industrial Crops and Products
Year of publication 1997
300 ## - PHYSICAL DESCRIPTION
Number of Pages 27-36
650 ## - SUBJECT ADDED ENTRY--TOPICAL TERM
Topical Term cis-1,4-polyisoprene
650 ## - SUBJECT ADDED ENTRY--TOPICAL TERM
Topical Term Guayule
650 ## - SUBJECT ADDED ENTRY--TOPICAL TERM
Topical Term Hevea brasiliensis
650 ## - SUBJECT ADDED ENTRY--TOPICAL TERM
Topical Term Latex allergy
650 ## - SUBJECT ADDED ENTRY--TOPICAL TERM
Topical Term Latex protein
650 ## - SUBJECT ADDED ENTRY--TOPICAL TERM
Topical Term Natural rubber
650 ## - SUBJECT ADDED ENTRY--TOPICAL TERM
Topical Term Parthenium argentatum
700 ## - ADDED ENTRY--PERSONAL NAME
Personal name Hoffmann J J
700 ## - ADDED ENTRY--PERSONAL NAME
Personal name McIntyre D
700 ## - ADDED ENTRY--PERSONAL NAME
Personal name Siler D J
700 ## - ADDED ENTRY--PERSONAL NAME
Personal name Stumpf D K
942 ## - ADDED ENTRY ELEMENTS (KOHA)
Koha item type Journals
Holdings
Withdrawn status Lost status Damaged status Not for loan Home library Current library Shelving location Date acquired Serial Enumeration / chronology Koha item type
      Journals RRII Library RRII Library Rubber general 17/12/2021 Volume 7, Issue 1 Journals